Movies Quiz

Random Movies or Oscar Quiz

Oscar Winners' Real Names Quiz Stats

 Plays Quiz not verified by Sporcle

Score 0/37 Timer 08:00
0 Plays Today
% Correct
John Wayne
75.9%
Ben Kingsley
71.1%
Michael Caine
62.7%
Anthony Quinn
61.4%
Anne Bancroft
55.4%
Whoopi Goldberg
54.2%
Rita Moreno
47%
Julie Andrews
43.4%
Joan Crawford
42.2%
Jamie Foxx
41%
Karl Malden
36.1%
George Burns
34.9%
Linda Hunt
33.7%
Ginger Rogers
31.3%
Shelley Winters
28.9%
George Arliss
27.7%
Claudette Colbert
26.5%
Ellen Burstyn
25.3%
Lee Grant
24.1%
% Correct
Charlton Heston
20.5%
Gig Young
19.3%
Eileen Heckart
18.1%
Mary Astor
18.1%
Red Buttons
18.1%
Fredric March
16.9%
Barry Fitzgerald
14.5%
Jennifer Jones
14.5%
Mary Pickford
14.5%
Paul Muni
14.5%
Ray Milland
14.5%
Jane Wyman
12%
Kim Hunter
12%
Marie Dressler
12%
Shirley Booth
10.8%
Susan Hayward
7.2%
Jane Darwell
6%
Josephine Hull
6%

You're not logged in!

Compare scores with friends on all Sporcle quizzes.
OR
Log In

Sporcle TV

Today on Sporcle TV


Watch our educational content, quiz creation guides, and fun videos on Sporcle TV.

Show Comments

Extras

Top Quizzes Today


Score Distribution

Your Account Isn't Verified!

In order to create a playlist on Sporcle, you need to verify the email address you used during registration. Go to your Sporcle Settings to finish the process.

Report this User

Report this user for behavior that violates our Community Guidelines.

Details: